| 000 | 00437cam a2200181ua 4500 | ||
|---|---|---|---|
| 020 | _cRs-10.00 | ||
| 041 |
_aeng _h |
||
| 082 |
_a621.8152 _bBHA/MA |
||
| 100 | _aBhatt, N D. | ||
| 245 |
_aMachine drawing / _cN D Bhatt. _hTextual Documents |
||
| 250 |
_a3 / _b. |
||
| 260 |
_aAnand : _bCharotar publishing house , _c1963. |
||
| 300 | _a154 ; . | ||
| 365 | _aRs-10.00 | ||
| 504 | _a | ||
| 942 | _cBK | ||
| 999 |
_c11124 _d11124 |
||